Principles of corporate finance

Shranjeno v:
Bibliografske podrobnosti
Glavni avtor: Brealey, Richard A.
Format: Knjiga
Jezik:Undetermined
Izdano: Boston McGraw-Hill 2003
Teme:
Oznake: Označite
Brez oznak, prvi označite!
Thư viện lưu trữ: Trung tâm Học liệu Trường Đại học Cần Thơ
LEADER 00536nam a2200205Ia 4500
001 CTU_129995
008 210402s9999 xx 000 0 und d
020 |c 15 
082 |a 658.15 
082 |b B828 
100 |a Brealey, Richard A. 
245 0 |a Principles of corporate finance 
245 0 |c Richard A. Brealey, Stewart C. Myery 
260 |a Boston 
260 |b McGraw-Hill 
260 |c 2003 
650 |a Corporations 
650 |x Finance 
904 |i Tuyến 
980 |a Trung tâm Học liệu Trường Đại học Cần Thơ